Score 0/17 Timer 05:00
2 Plays Today
% Correct
Wheelbarrow
94.3%
Watering Can
94.1%
Garden Hose
93.6%
Rake
92.6%
Pickaxe
90.2%
Garden Fork
87.1%
Sickle
86.8%
Hoe
86.6%
Guiding Line
86.6%
% Correct
Shears
82.2%
Garden Trowel
81.9%
Shovel
78.2%
Pruner
73.2%
Weeder
70.7%
Dibble
63.7%
Spade
63%
Grafter
59.4%
Remove Ads.
Support Sporcle.
Get the best of Sporcle when you Go Orange. This ad-free experience offers more features, more stats, and more fun while also helping to support Sporcle. Thank you for becoming a member.

You're not logged in!

Compare scores with friends on all Sporcle quizzes.
OR
Log In

Show Comments

Extras

Top Quizzes Today


Score Distribution

Your Account Isn't Verified!

In order to create a playlist on Sporcle, you need to verify the email address you used during registration. Go to your Sporcle Settings to finish the process.

Report this User

Report this user for behavior that violates our Community Guidelines.

Details: